Komplexní modernizace strojírenské výroby

Gespeichert in:
Bibliographische Detailangaben
1. Verfasser: Rabiška, Milan
Weitere Verfasser: Kvapil, Vítězslav
Format: Buch
Sprache:Tschechisch
Veröffentlicht: Praha Svoboda 1988
Ausgabe:1. vyd.
Tags: Tag hinzufügen
Keine Tags, Fügen Sie das erste Tag hinzu!

MARC

LEADER 00000nam a2200000 4500
001 c040212
005 20250130094109.6
041 0 |a cze 
044 |a CZ 
245 1 0 |a Komplexní modernizace strojírenské výroby  |c Milan Rabiška a kol., Vítězslav Kvapil 
250 |a 1. vyd. 
264 1 |a Praha  |b Svoboda  |c 1988 
300 |a 220 s. 
100 1 |a Rabiška, Milan 
700 1 |a Kvapil, Vítězslav